00663 a2200181 450000500170000001000130001702000260003003500130005603700160006908200080008510000490009324501330014225000110027526000460028627000690033230000270040150000530042820190430133338.0 aB-225866 c595.00a9780195690507 aB-225866 bDBAD / PUB14a323 aSouth Asia Human Rights Documentation Centre1 aHandbook of human rights and criminal justice in India:bthe system and procedure/cSouth Asia Human Rights Documentation Centre a2nd ed aNew DelhibOxford University Pressc2007 aYMCA Library Building, Jai Singh RoadbNew DelhicDelhie110001 axiv, 217p.c26 cm (Hb) aIt Includes bibliographical references & index.